Indian Architecture (Islamic Periods) (Record no. 819)
[ view plain ]
| 000 -LEADER | |
|---|---|
| fixed length control field | 00362nam a2200145Ia 4500 |
| 003 - CONTROL NUMBER IDENTIFIER | |
| control field | OSt |
| 005 - DATE AND TIME OF LATEST TRANSACTION | |
| control field | 20200311114416.0 |
| 008 - FIXED-LENGTH DATA ELEMENTS--GENERAL INFORMATION | |
| fixed length control field | 200302s9999 xx 000 0 und d |
| 020 ## - INTERNATIONAL STANDARD BOOK NUMBER | |
| International Standard Book Number | 9788123924564 |
| 100 ## - MAIN ENTRY--PERSONAL NAME | |
| Personal name | Percy Brown |
| 245 ## - TITLE STATEMENT | |
| Title | Indian Architecture (Islamic Periods) |
| 260 ## - PUBLICATION, DISTRIBUTION, ETC. (IMPRINT) | |
| Name of publisher, distributor, etc | D. B. Taraporevala Sons & Co. Pvt. Ltd. |
| 300 ## - PHYSICAL DESCRIPTION | |
| Extent | 215 P., |
| 942 ## - ADDED ENTRY ELEMENTS (KOHA) | |
| Source of classification or shelving scheme | |
| Withdrawn status | Lost status | Damaged status | Not for loan | Permanent location | Current location | Date acquired | Cost, normal purchase price | Barcode | Date last seen | Price effective from | Koha item type | Source of classification or shelving scheme | Koha normalized classification for sorting | Full call number | Total Checkouts | Date last borrowed |
|---|---|---|---|---|---|---|---|---|---|---|---|---|---|---|---|---|
| BMS College of Architecture, Design and Planning | BMS College of Architecture, Design and Planning | 2020-03-03 | 650.00 | CL-UG31632 | 2020-03-03 | 2020-03-03 | UG Books from CL | |||||||||
| BMS College of Architecture, Design and Planning | BMS College of Architecture, Design and Planning | 2020-03-11 | AR-BB111 | 2020-03-11 | 2020-03-11 | Book Bank | 726_200000000000000_BRO | 726.2 BRO | ||||||||
| BMS College of Architecture, Design and Planning | BMS College of Architecture, Design and Planning | 2020-03-11 | AR-BB112 | 2022-11-30 | 2020-03-11 | Book Bank | 726_200000000000000_BRO | 726.2 BRO | 1 | 2022-11-25 | ||||||
| BMS College of Architecture, Design and Planning | BMS College of Architecture, Design and Planning | 2020-03-11 | AR-BB113 | 2020-03-11 | 2020-03-11 | Book Bank | 726_200000000000000_BRO | 726.2 BRO | ||||||||
| BMS College of Architecture, Design and Planning | BMS College of Architecture, Design and Planning | 2020-03-11 | AR-BB114 | 2020-03-11 | 2020-03-11 | Book Bank | 726_200000000000000_BRO | 726.2 BRO | ||||||||
| BMS College of Architecture, Design and Planning | BMS College of Architecture, Design and Planning | 2020-03-11 | AR-BB115 | 2020-03-11 | 2020-03-11 | Book Bank | 726_200000000000000_BRO | 726.2 BRO |